| 000 | 00472nam a22001817a 4500 | ||
|---|---|---|---|
| 003 | BD-ChCU | ||
| 005 | 20260106105924.0 | ||
| 008 | 260106b bg ||||| |||| 00| 0 ben d | ||
| 040 | _cBD-ChCU | ||
| 082 | _a510 STM | ||
| 100 |
_aSteinhaus , H. _918673 |
||
| 245 |
_aMathematical snapshots , / _cH. steinhaus , H. |
||
| 250 | _anew rev. & enl . ed. | ||
| 260 |
_aNew York : _bO.U.P. _cC 1962 |
||
| 300 | _a328p | ||
| 650 | 0 |
_aMathematies _918674 |
|
| 942 |
_2ddc _cBK _n0 |
||
| 999 |
_c110738 _d110738 |
||